000 00612nam a2200229Ia 4500
001 817
003 GE_BSU
008 181216s||||||||xx |||||||||||||| ||und||
020 _a9785769539626
040 _cGE_BSU
080 _a574(075.8)
100 _aБелозерский,Г.Н.
245 _aРадиационная Экология.
245 _bУчебник длия высш. учеб. завед.
260 _aМосква
260 _b,,Академия
260 _c2008
300 _a384 с.
541 _h15 л.
653 _aРадиационная Экология
942 _cBK
999 _c34981
_d34981